LEADER 00917nam a2200205 4500 001 000000367288 003 CaOOAMICUS 005 20260417103512.0 008 260417s1888 it 000 u ita r 040 $aSeMil$bita 100 1 $aLombardo, Vincenzo <1836-1909>.$0(OLS)http://semarc/name/79040 245 10$aIntorno al libro La separazione dello Stato dalla Chiesa /$cdiscussioni di fr. V. G. Lombardo ; giudiziI raccolti dall'editore Rosario Donzuso. 264 1$aAcireale :$bDonzuro,$c1888. 300 $a24 p. ;$c23 cm 700 1 $aDonzuso, Rosario.$0(OLS)http://semarc/name/124165 850 $aSeMil 852 $aSeMil$W1$xVenegono$y1$m5D VIII 1/13$j270364$B258002$CSeMilBibl$Z2$F258002 $8I 996 $6245$aIntorno al libro La separazione dello Stato dalla Chiesa$9(OLS)http://semarc/title/459192 996 $6264$aAcireale :$bDonzuro$9(OLS)http://semarc/publisher/63007